[Event "1st Goa GM Open 2018"]
[Site "Taleigao"]
[Date "2018.10.18"]
[Round "8"]
[White "Babujian, Levon"]
[Black "Popov, Ivan"]
[Result "*"]
[WhiteElo "2456"]
[BlackElo "2611"]
[Annotator "TA"]
[PlyCount "35"]
[EventDate "2018.10.13"]
[EventType "swiss"]
[EventCountry "IND"]
[SourceTitle "playchess.com"]
[Source "ChessBase"]
[SourceQuality "1"]

{[%evp 12,14,39,35,34]} 1. d4 d5 2. c4 dxc4 3. e4 e5 4. Nf3 exd4 5. Bxc4 Bb4+ 6. Nbd2 Nc6 7. O-O {[%mdl 1024] White has compensation.} Nf6 {D20: Queen's Gambit Accepted: 3 e3 and 3 e4} {Predecessor:} 8. e5 $146 Nd5 9. Nb3 Nb6 10. Bb5 Bd7 11. Bxc6 Bxc6 12. Nfxd4 Bd5 13. Qg4 Qd7 14. e6 fxe6 15. Nxe6 Qxe6 16. Qxb4 O-O-O 17. Nc5 Qg6 18. f3 {0-1 (27) Postny,E (2579)-Inarkiev,E (2684) Batumi 2018} *

[Event "1st Goa GM Open 2018"]
[Site "Taleigao"]
[Date "2018.10.18"]
[Round "8"]
[White "Kasparov, Sergey"]
[Black "Anuj Shrivatri"]
[Result "1-0"]
[WhiteElo "2453"]
[BlackElo "2345"]
[Annotator "TA"]
[PlyCount "103"]
[EventDate "2018.10.13"]
[EventType "swiss"]
[EventCountry "IND"]
[SourceTitle "playchess.com"]
[Source "ChessBase"]
[SourceQuality "1"]

{[%evp 10,103,18,8,15,8,8,-7,28,11,22,0,32,29,54,49,38,31,81,31,99,41,50,32,33,31,39,0,1,0,33,6,58,54,116,103,97,84,133,106,102,88,93,69,69,69,77,81,83,81,92,80,119,89,152,149,160,167,166,161,195,190,220,214,248,252,330,287,452,428,504,502,485,458,616,616,733,687,29970,29972,29975,837,5393,5393,5393,5393,29974,5393,5393,5393,29982,29983,29984,29985,29987,29987]} 1. e4 e5 2. Nf3 Nc6 3. Bb5 Nf6 {[%cal Bg8f6,Bf6d7,Bd7c5][%mdl 32]} 4. Bxc6 dxc6 5. d3 Nd7 6. Nbd2 {LiveBook: 4 Partien. C65: Spanische Partie (Berliner-Verteidigung)} Be7 7. Nc4 f6 $146 ({Vorgänger:} 7... O-O 8. a4 Bf6 9. b3 Qe7 10. Bb2 b5 11. Ne3 Bb7 {1-0 (37) Kokarev,D (2608)-Nozdrachev,V (2485) Serpukhov 2018}) 8. Nh4 {Droht Dh5+ und aus.Die Stellung ist ausgeglichen.} O-O 9. Nf5 Nc5 10. Qg4 {[%csl Gf5][%cal Rg4g7]} g6 {Weiss muss nun ...Kh8 beachten.} (10... Bxf5 {feels hotter.} 11. exf5 e4 12. dxe4 Qd4 13. Nd2 Qa4) 11. Qg3 Kh8 12. Nxe7 Qxe7 13. Be3 Bd7 14. O-O b5 ({Besser ist} 14... Ne6 $14) 15. Nd2 (15. Na5 $16) 15... Ne6 $14 16. c3 g5 17. d4 Nf4 18. Bxf4 gxf4 19. Qh4 $36 {[%mdl 2048] Weiss hat Initiative.} Qg7 20. Kh1 Rae8 (20... a5 $11) 21. f3 Qg5 (21... f5 $14) 22. Qxg5 $16 fxg5 23. Nb3 Rf6 24. Rad1 Rd6 25. Nc5 Bc8 26. dxe5 Rxe5 27. b4 Re8 28. Rd4 Red8 29. Rfd1 Kg7 30. g3 fxg3 31. hxg3 Kf6 ({Lieber} 31... h5) 32. Kg2 h5 {[#]} 33. f4 $1 gxf4 34. gxf4 Rg8+ 35. Kf2 {Und e5+ würde nun gewinnen.} Rxd4 36. cxd4 $18 {[%mdl 4096] Endspiel KTL-KTS} Bg4 37. Rc1 Ke7 38. Nd3 h4 (38... Bd7 {kämpft weiter.} 39. Ne5 Kd6) 39. Ne5 Bh3 40. Rg1 Rxg1 41. Kxg1 {KL-KS} Be6 42. Nxc6+ Kd6 43. d5 Bxd5 44. exd5 Kxd5 {KS-KB} 45. Nb8 (45. Nxa7 $142 c6 46. Kg2 Ke4 47. Nxc6 Kxf4 48. Nd4 Ke4 49. Nxb5 Kd3 50. Nc3) 45... c5 46. bxc5 Kxc5 {[#] KS-K3B} 47. Na6+ $1 Kb6 48. Nb4 (48. Kh2 $142 Kc6 49. Kh3 Kb6 50. f5 Kc6 51. Kxh4 Kd6 52. Kg5 Kc6 53. f6) 48... Kc5 49. f5 Kxb4 50. f6 {Weiß setzt Matt.} Ka3 51. f7 Kxa2 52. f8=Q {Precision: Weiß = 55%, Schwarz = 26%.} 1-0

[Event "1st Goa GM Open 2018"]
[Site "Taleigao"]
[Date "2018.10.18"]
[Round "8"]
[White "Himanshu, Sharma"]
[Black "Kumar, Gaurav"]
[Result "*"]
[WhiteElo "2444"]
[BlackElo "2236"]
[Annotator "TA"]
[PlyCount "40"]
[EventDate "2018.10.13"]
[EventType "swiss"]
[EventCountry "IND"]
[SourceTitle "playchess.com"]
[Source "ChessBase"]
[SourceQuality "1"]

{[%evp 22,23,-7,-14]} 1. e4 e5 2. Nf3 Nc6 3. Bb5 a6 4. Bxc6 dxc6 5. O-O Bg4 6. h3 h5 7. d3 Qf6 8. Be3 Bxf3 9. Qxf3 Qxf3 10. gxf3 Bd6 11. Nd2 Ne7 12. Rfb1 {LiveBook: 82 Games. C68: Ruy Lopez: Exchange Variation, sidelines} {Predecessor:} Ng6 $146 13. Kf1 c5 14. Nc4 Be7 15. a3 a5 16. b4 axb4 17. axb4 Rxa1 18. Rxa1 cxb4 19. Ra8+ Bd8 20. Na5 b6 {½-½ (40) Solak,D (2641)-Ding,L (2783) Khanty-Mansiysk 2017} *

[Event "1st Goa GM Open 2018"]
[Site "Taleigao"]
[Date "2018.10.18"]
[Round "8"]
[White "Himanshu, Sharma"]
[Black "Kumar, Gaurav"]
[Result "1-0"]
[WhiteElo "2444"]
[BlackElo "2236"]
[Annotator "TA"]
[PlyCount "102"]
[EventDate "2018.10.13"]
[EventType "swiss"]
[EventCountry "IND"]
[SourceTitle "playchess.com"]
[Source "ChessBase"]
[SourceQuality "1"]

{[%evp 21,102,-18,-14,-19,-9,-10,-7,-17,0,0,0,0,0,0,0,0,0,0,0,0,0,0,0,0,0,0,0,6,0,0,0,0,32,32,35,32,46,35,107,107,132,103,121,114,102,120,120,134,125,138,434,436,497,488,441,434,433,425,413,412,382,363,902,888,992,778,864,695,2445,2060,1923,1855,1756,1550,1580,1337,29946,29938,29982,29971,29980,29980,29991]} 1. e4 e5 2. Nf3 Nc6 3. Bb5 a6 4. Bxc6 dxc6 5. O-O Bg4 6. h3 h5 7. d3 Qf6 8. Be3 Bxf3 9. Qxf3 Qxf3 10. gxf3 Bd6 11. Nd2 Ne7 {[%cal Bg8e7,Be7g6,Bg6h4][%mdl 32]} 12. Rfb1 {C68: Ruy Lopez: Exchange Variation, sidelines} f6 (12... Ng6 13. Kf1 c5 14. Nc4 Be7 15. a3 a5 16. b4 axb4 17. axb4 Rxa1 18. Rxa1 cxb4 19. Ra8+ Bd8 20. Na5 b6 {½-½ (40) Solak,D (2641)-Ding,L (2783) Khanty-Mansiysk 2017}) 13. b4 Ng6 14. Kf1 {The position is equal.} Nh4 15. Ke2 g5 16. a4 Kd7 17. Nc4 Ng6 $146 ({Predecessor:} 17... Rhg8 18. c3 b6 19. Rd1 Ke6 20. Nxd6 Kxd6 {1-0 (42) Fawzy,A (2451)-Hilby,C (2319) Khanty-Mansiysk 2016}) 18. c3 Ke6 19. Na5 Rab8 20. c4 Be7 21. c5 Rhg8 22. Ra2 Nf4+ 23. Bxf4 $1 gxf4 {[#]} 24. d4 $1 {[%mdl 512]} f5 (24... exd4 25. Nb3) 25. Rd2 fxe4 26. fxe4 exd4 (26... f3+ $5 27. Kxf3 Rbf8+ 28. Ke2 exd4 $11) 27. Kf3 Bf6 28. Rbd1 Rgd8 29. Nb3 {[%cal Rb3d4]} b6 ({Better is} 29... Be5 $14) 30. cxb6 $16 cxb6 31. Nxd4+ Bxd4 32. Rxd4 Rxd4 33. Rxd4 {[%mdl 4096] Endgame KR-KR} Rf8 34. a5 bxa5 35. bxa5 Ke7 $2 {[%mdl 8192]} (35... Ke5 $16 {is a better defense.} 36. Rd7 Rb8) 36. e5 $18 Ke6 37. Ke4 Rc8 {If Black can now play ...c5 this consolidates a bit.} 38. Rd6+ Ke7 {Now ...c5 and Black clings on.} 39. Kxf4 c5 {intending ...c4.} 40. Rd3 c4 {[#]} 41. Rc3 $1 Rc5 $2 (41... Rf8+ 42. Ke3 Ke6 43. Rxc4 Kd5) 42. Kf5 Kd7 43. f4 {[%cal Bf2f4,Bf4f5][%mdl 32]} Kc6 44. Ke4 Kb5 45. e6 Kc6 46. f5 Kd6 47. Kf4 Rc7 48. Kg5 Rc5 49. Kf6 {White mates.} Rc7 50. Rc1 c3 {[#]} 51. e7 $1 {[%mdl 512]} Kd5 {Precision: White = 88%, Black = 37%.} (51... Rxe7 52. Rd1+) 1-0

[Event "1st Goa GM Open 2018"]
[Site "Taleigao"]
[Date "2018.10.18"]
[Round "8"]
[White "Vardan Nagpal"]
[Black "Nitish Belurkar"]
[Result "*"]
[WhiteElo "2433"]
[BlackElo "2295"]
[Annotator "TA"]
[PlyCount "28"]
[EventDate "2018.10.13"]
[EventType "swiss"]
[EventCountry "IND"]
[SourceTitle "playchess.com"]
[Source "ChessBase"]
[SourceQuality "1"]

{[%evp 10,11,9,0]} 1. Nf3 Nf6 2. d4 g6 3. Bg5 Bg7 4. Nbd2 O-O 5. c3 d6 6. e4 {LiveBook: 1447 Games} {Predecessor:} c5 $146 7. d5 h6 8. Bh4 e6 9. dxe6 Bxe6 10. Bd3 Nc6 11. O-O Re8 12. Re1 Qc7 13. Bc4 Rad8 14. h3 a6 {1-0 (50) Mamedyarov,S (2808)-Vachier Lagrave,M (2789) Paris 2018} *

[Event "1st Goa GM Open 2018"]
[Site "Taleigao"]
[Date "2018.10.18"]
[Round "8"]
[White "Vardan Nagpal"]
[Black "Nitish Belurkar"]
[Result "1/2-1/2"]
[WhiteElo "2433"]
[BlackElo "2295"]
[Annotator "TA"]
[PlyCount "113"]
[EventDate "2018.10.13"]
[EventType "swiss"]
[EventCountry "IND"]
[SourceTitle "playchess.com"]
[Source "ChessBase"]
[SourceQuality "1"]

{[%evp 20,113,15,-2,6,3,-4,-19,-14,-14,-14,-14,-15,-25,-25,-24,-26,-42,20,-15,-20,-23,0,0,-7,0,55,61,66,52,59,59,55,59,56,21,43,43,34,35,34,28,35,31,28,31,31,12,58,36,71,12,16,15,19,10,27,12,14,9,31,34,78,75,78,78,78,77,77,80,85,92,86,45,72,74,93,47,73,72,73,72,191,164,168,145,135,33,36,30,46,30,30,0,0,0]} 1. Nf3 Nf6 2. d4 g6 3. Bg5 Bg7 4. Nbd2 O-O 5. c3 d6 6. e4 c5 7. dxc5 dxc5 8. Bc4 Qc7 9. O-O Nc6 10. Re1 Na5 {A48: 1 d4 Nf6 2 Nf3 g6: Torre, London and Colle Systems} (10... h6 11. Bh4 Nh5 12. Qe2 Na5 13. Bb5 a6 14. Ba4 b5 15. Bc2 e5 16. Red1 Bg4 17. a4 c4 18. axb5 axb5 19. Bg3 {0-1 (41) Golubov,S (2492)-Kovalev,V (2598) Moscow 2017}) 11. Bf1 {LiveBook: 5 Games} h6 12. Bh4 Nh5 13. Nc4 $146 ({Predecessor:} 13. Qc2 Be6 14. Rad1 Rfd8 15. a4 a6 16. Re3 Rd7 17. Rd3 Rad8 18. Bg3 Nxg3 19. hxg3 {½-½ (30) Amanov,M (2273)-Perdomo,L (2373) Istanbul 2005}) 13... Rd8 14. Qc2 Nxc4 15. Bxc4 Bg4 16. Nd2 g5 17. Bg3 Nxg3 18. hxg3 Bd7 ({Better is} 18... a6 $15) 19. a4 (19. e5 $5) 19... e6 20. Bf1 Bc6 21. Nc4 b6 22. e5 Qe7 (22... a6 $11) 23. f4 $14 gxf4 24. gxf4 Qh4 25. Qf2 Qxf2+ 26. Kxf2 Bd5 27. Red1 Bf8 28. Ke3 Be7 29. g3 Kg7 30. Be2 Rab8 31. Nd2 f6 32. exf6+ Bxf6 33. Ne4 Kf7 34. Bf3 Ke7 35. Rd2 (35. Nxf6 $16 Kxf6 36. g4) 35... Bxe4 $11 36. Rxd8 Rxd8 37. Bxe4 {[%mdl 4096] Endgame KRB-KRB} e5 38. a5 exf4+ 39. gxf4 b5 40. Rh1 Rd6 41. Rh5 Ra6 42. Rxc5 Rxa5 43. Rc7+ Kd8 44. Rc6 Bg7 45. Rg6 Bf8 46. Rf6 Be7 47. Rxh6 Ra2 48. b4 {Hoping for Kd4.} Ra3 49. Kd4 a5 50. f5 {[#] Threatens to win with f6.} Bg5 (50... axb4 $16 {was necessary.} 51. cxb4 Bxb4) 51. Rd6+ Ke7 52. Re6+ Kf7 {[#]} 53. bxa5 (53. Ke5 $1 $16 {Black must now prevent Bd5.} Bd2 54. c4 bxc4 55. b5) 53... Rxa5 54. Bd5 Bf6+ 55. Kd3 Kg7 56. Rc6 b4 57. Rc7+ {Precision: White = 39%, Black = 56%.} 1/2-1/2

[Event "1st Goa GM Open 2018"]
[Site "Taleigao"]
[Date "2018.10.18"]
[Round "8"]
[White "Akash G"]
[Black "Prasannaa.s"]
[Result "1-0"]
[WhiteElo "2424"]
[BlackElo "2124"]
[Annotator "TA"]
[PlyCount "79"]
[EventDate "2018.10.13"]
[EventType "swiss"]
[EventCountry "IND"]
[SourceTitle "playchess.com"]
[Source "ChessBase"]
[SourceQuality "1"]

{[%evp 19,79,53,70,37,63,62,73,64,110,24,35,16,21,18,52,70,86,63,178,10,25,16,26,27,276,284,301,216,202,211,211,198,205,197,188,188,240,241,195,224,408,402,439,441,830,818,722,783,741,682,1095,1095,1095,1095,1356,741,723,-29991,-704,-662,-654,-781]} 1. e4 d5 2. exd5 Nf6 {[%cal Bg8f6,Bf6d5,Bd5b6][%mdl 32]} 3. d4 Nxd5 4. c4 Nb6 5. Nf3 g6 6. Nc3 Bg7 7. c5 Nd5 8. Bc4 Nxc3 9. bxc3 O-O 10. O-O Nc6 {LiveBook: 41 Games} 11. Bg5 {[%cal Bc1g5,Bg5h4,Bh4g3][%mdl 32] B01: Scandinavian Defence} (11. Re1 Bg4 12. Bg5 h6 13. Bh4 g5 14. Bg3 e5 15. h3 Bxf3 16. Qxf3 exd4 17. Rad1 Qf6 18. Qxf6 Bxf6 19. cxd4 Bxd4 20. Bxc7 Bxc5 {1-0 (45) Kulaots,K (2554)-Vicas,M (2186) Liepaja 2018}) 11... h6 12. Bh4 g5 13. Bg3 {White is better.} g4 $146 {[#]} ({Predecessor:} 13... Bg4 14. h3 Bh5 15. Re1 b6 16. Bd3 Rc8 17. Be4 Na5 18. Qc2 e6 {1-0 (87) Varadi,V (2432)-Paschall,W (2351) Hungary 2009}) 14. Nd2 (14. Nh4 $1 $16) 14... e5 $1 $11 15. d5 Na5 16. Re1 $36 {[%mdl 2048] White has some pressure.} Qg5 17. Bf1 Bd7 18. d6 Bc6 ({Better is} 18... Rac8 $14) 19. Ne4 $2 (19. dxc7 $18 Rac8 20. Ne4) 19... Qg6 $1 20. dxc7 Bxe4 21. Qa4 Nc6 $2 (21... Bc6 $11 {and Black is okay.} 22. Qxa5 Qg5) 22. Rxe4 $18 f5 23. Ree1 {Threatens to win with Qb3+.} Rac8 24. Qb3+ Rf7 25. Bc4 (25. Qxb7 Rfxc7 26. Qa6 Qg5 $11) 25... Rcxc7 26. Rad1 {[%cal Ba1d1,Bd1d6,Bd6d7][%mdl 32]} Bf6 {intending ...f4.} 27. Rd6 Qg7 (27... Kg7 {is a better defense.} 28. Bxf7 Qxf7) 28. Qb1 Qg5 29. Red1 {[#] Strongly threatening Rd7.} ({Resist} 29. Bxf7+ $6 Rxf7 30. Rxc6 bxc6 $16) 29... Kg7 $2 (29... Kf8 30. Bxf7 Rxf7) 30. Bxf7 Rxf7 31. Rd7 f4 (31... Nd8 $142 32. Bxe5 Bxe5 33. Rxd8 Qe7) 32. Qxb7 Ne7 33. c6 {[%cal Bc5c6,Bc6c7][%mdl 32]} fxg3 34. hxg3 e4 35. c7 Qc5 36. Qxe4 Bg5 37. Qd4+ Qxd4 38. Rd3 $4 {[%mdl 8192]} (38. R1xd4 $18 Nc8 39. Rxf7+ Kxf7 40. Rd8) 38... Qxd7 (38... Qxf2+ $142 39. Kh2 Rf3 40. Rxf3 gxf3 41. Kh3 fxg2 42. Rd1 Qf1 43. Rxf1 gxf1=Q+ 44. Kh2 Nf5 45. c8=Q Qf2+ 46. Kh3 Qxg3#) 39. Rxd7 $19 Nc8 40. Rd8 {[%mdl 32768] Precision: White = 43%, Black = 26%. . Loss on Time!?} 1-0

[Event "1st Goa GM Open 2018"]
[Site "Taleigao"]
[Date "2018.10.18"]
[Round "8"]
[White "Akash G"]
[Black "Prasannaa.s"]
[Result "*"]
[WhiteElo "2424"]
[BlackElo "2124"]
[Annotator "TA"]
[PlyCount "40"]
[EventDate "2018.10.13"]
[EventType "swiss"]
[EventCountry "IND"]
[SourceTitle "playchess.com"]
[Source "ChessBase"]
[SourceQuality "1"]

{[%evp 19,20,41,55]} 1. e4 d5 2. exd5 Nf6 {[%cal Bg8f6,Bf6d5,Bd5b6][%mdl 32]} 3. d4 Nxd5 4. c4 Nb6 5. Nf3 g6 6. Nc3 Bg7 7. c5 Nd5 8. Bc4 Nxc3 9. bxc3 O-O 10. O-O Nc6 {LiveBook: 41 Games} {Predecessor:} 11. Re1 $146 Bg4 12. Bg5 h6 13. Bh4 g5 14. Bg3 e5 15. h3 Bxf3 16. Qxf3 exd4 17. Rad1 Qf6 18. Qxf6 Bxf6 19. cxd4 Bxd4 20. Bxc7 Bxc5 {1-0 (45) Kulaots,K (2554)-Vicas,M (2186) Liepaja 2018} *

[Event "1st Goa GM Open 2018"]
[Site "Taleigao"]
[Date "2018.10.18"]
[Round "8"]
[White "Rathnakaran, K.."]
[Black "Niraj, Saripalli"]
[Result "1-0"]
[WhiteElo "2366"]
[BlackElo "2206"]
[Annotator "TA"]
[PlyCount "73"]
[EventDate "2018.10.13"]
[EventType "swiss"]
[EventCountry "IND"]
[SourceTitle "playchess.com"]
[Source "ChessBase"]
[SourceQuality "1"]

{[%evp 13,73,13,20,-13,26,19,22,21,50,-41,-41,-58,-58,-54,-69,-42,0,-10,0,0,0,-18,0,0,129,132,136,141,177,186,180,179,182,177,408,412,405,427,545,558,535,495,606,591,719,519,740,698,748,748,748,748,904,911,1059,1043,5800,5612,29974,29975,29981,29979]} 1. e4 e5 2. Nf3 Nc6 3. Bb5 a6 4. Ba4 Nge7 5. c3 g6 6. d3 {C70: Ruy Lopez: 3...a6 4 Ba4, Norwegian and Delayed Schliemann} Bg7 7. Nbd2 O-O {LiveBook: 6 Games} 8. h4 $146 {The position is equal.} ({Predecessor:} 8. Nf1 d5 9. Be3 b5 10. Bb3 Qd6 11. h4 d4 12. cxd4 Nxd4 13. Nxd4 exd4 {0-1 (27) Skawinski,A (2423)-Papp,G (2604) Karlsruhe 2018}) 8... d5 9. h5 $1 Bg4 10. hxg6 Nxg6 11. g3 (11. Nf1 $1 $14) 11... b5 $15 {[#] Threatens to win with ...dxe4.} 12. Bb3 Na5 $1 13. Qc2 Nxb3 14. axb3 dxe4 15. dxe4 f5 16. Nh2 $1 Bh3 $1 17. Nhf1 Bxf1 18. Nxf1 fxe4 (18... f4 $1 $11) 19. Qxe4 $16 Qd7 20. Be3 Rad8 21. Nd2 Qe6 22. b4 Rf7 23. Nf3 Rxf3 $2 {[#]} (23... Bf6 {was worth a try.} 24. Kf1 Rdf8) 24. Qxf3 $18 e4 25. Qh5 Ne5 26. Qxh7+ Kf7 27. Qh5+ Kg8 28. Kf1 Ng4 29. Re1 Rd5 30. Qh7+ Kf8 31. Bc5+ Rxc5 32. bxc5 Qf7 33. Re2 e3 34. Qe4 Nxf2 35. Qa8+ Ke7 36. Rxe3+ Ne4+ 37. Ke2 {Precision: White = 56%, Black = 34%.} 1-0

[Event "1st Goa GM Open 2018"]
[Site "Taleigao"]
[Date "2018.10.18"]
[Round "8"]
[White "Rathnakaran, K.."]
[Black "Niraj, Saripalli"]
[Result "*"]
[WhiteElo "2366"]
[BlackElo "2206"]
[Annotator "TA"]
[PlyCount "24"]
[EventDate "2018.10.13"]
[EventType "swiss"]
[EventCountry "IND"]
[SourceTitle "playchess.com"]
[Source "ChessBase"]
[SourceQuality "1"]

{[%evp 11,13,16,7,10]} 1. e4 e5 2. Nf3 Nc6 3. Bb5 a6 4. Ba4 Nge7 5. c3 g6 6. d3 {C70: Spanische Partie (Abweichung im 4. Zug)} (6. d4 exd4 7. cxd4 b5 8. d5 bxa4 9. dxc6 Nxc6 10. Qxa4 Bg7 11. O-O O-O 12. Nc3 Rb8 13. Bg5 f6 {0-1 (27) Hou,Y (2658)-Ponomariov,R (2686) Shenzhen 2018}) 6... Bg7 {LiveBook: 6 Partien} 7. Nbd2 {Vorgänger:} O-O $146 8. Nf1 b5 9. Bc2 d5 10. Qe2 f5 11. h3 Kh8 12. Bd2 Rb8 {1-0 (40) Rojicek,V (2433)-Rjabzev,K (2308) Pardubice 2014} *

[Event "1st Goa GM Open 2018"]
[Site "Taleigao"]
[Date "2018.10.18"]
[Round "8"]
[White "Abhishek, Kelkar"]
[Black "Michelle Catherina, P."]
[Result "*"]
[WhiteElo "2359"]
[BlackElo "2147"]
[Annotator "TA"]
[PlyCount "30"]
[EventDate "2018.10.13"]
[EventType "swiss"]
[EventCountry "IND"]
[SourceTitle "playchess.com"]
[Source "ChessBase"]
[SourceQuality "1"]

{[%evp 4,4,14]} 1. d4 Nf6 2. Nf3 e6 {Vorgänger:} 3. c4 $146 d5 4. Nc3 Be7 5. Bf4 O-O 6. e3 b6 7. Bd3 dxc4 8. Bxc4 Ba6 9. Qe2 Bxc4 10. Qxc4 c5 11. dxc5 bxc5 12. O-O Nc6 13. Rac1 Rc8 14. Ne5 Qb6 15. Nxc6 Rxc6 {1-0 (97) Carlsen,M (2842)-Nakamura,H (2777) Saint Louis 2018} *

[Event "1st Goa GM Open 2018"]
[Site "Taleigao"]
[Date "2018.10.18"]
[Round "8"]
[White "Abhishek, Kelkar"]
[Black "Michelle Catherina, P."]
[Result "1-0"]
[WhiteElo "2359"]
[BlackElo "2147"]
[Annotator "TA"]
[PlyCount "87"]
[EventDate "2018.10.13"]
[EventType "swiss"]
[EventCountry "IND"]
[SourceTitle "playchess.com"]
[Source "ChessBase"]
[SourceQuality "1"]

{[%evp 13,87,-27,2,-35,-24,-45,-10,-11,-8,-42,-4,-22,-22,-21,-18,-19,-2,-22,-20,-24,1,-19,-10,-16,-14,-19,-11,-11,-11,-15,-2,0,30,32,27,34,52,44,49,47,63,69,122,122,112,90,67,43,37,40,147,77,357,351,268,350,337,353,345,326,347,345,347,336,340,337,317,272,1526,356,29990,29991,29991,771,1320,1226]} 1. d4 Nf6 2. Nf3 e6 3. c3 c5 4. Bf4 b6 5. e3 Bb7 6. Be2 Be7 {A47: 1 d4 Nf6 2 Nf3 b6: Torre, London and Colle Systems} 7. Nbd2 O-O {LiveBook: 3 Games} 8. Nc4 (8. h3 d6 9. O-O Nbd7 10. a4 Re8 11. a5 Bf8 12. Qa4 e5 13. Bh2 Rc8 14. Bb5 {1-0 (55) Berdichevski,I (2546)-Moiseenko,A (2618) bereg.ru Int 2003}) 8... d5 {Black is slightly better.} 9. Nce5 Nbd7 10. O-O Nxe5 $146 ({Predecessor:} 10... Ne4 11. Nxd7 Qxd7 12. Ne5 Qd8 13. h3 Bd6 14. Bh2 f6 15. Nf3 Qc7 16. Bxd6 Qxd6 17. Nd2 Ng5 {½-½ (37) Barcsi,J-Hidegh,E (2108) Paks 2000}) 11. dxe5 (11. Nxe5 {looks sharper.} c4 12. Bf3 Qc8 13. Re1 b5 14. a4) 11... Nh5 12. Bd3 Nxf4 13. exf4 g6 14. Qe2 Qc7 15. Rad1 Rad8 16. Rfe1 d4 17. c4 a6 18. Nd2 Rb8 19. b3 Bc6 20. Be4 Bd7 21. g3 {[%cal Bg2g3,Bg3g4][%mdl 32]} Rfd8 22. h4 {[%cal Bh2h4,Bh4h5][%mdl 32]} b5 23. h5 bxc4 24. Nxc4 a5 25. g4 a4 26. Rd3 axb3 27. axb3 f5 ({Better is} 27... Bc6 $14) 28. exf6 $1 $16 Bxf6 29. hxg6 Qxf4 30. gxh7+ Kh8 31. Qf3 Bg5 ({Black should play} 31... Qg5 $14) 32. Qh3 $36 {[%mdl 2048] White has strong initiative.} (32. Qxf4 $142 {Threatening mate with Qe5+.} Bxf4 33. g5 $1 {[%mdl 512]}) 32... e5 $2 {[%mdl 8192] [#]} (32... Rf8 $16 {was called for.} 33. Rf3 Qc7) 33. Rf3 $1 $18 {[%cal Rf3f4]} Bxg4 34. Rxf4 Bxh3 {[#]} 35. Rf3 $1 Be6 36. Nxe5 Rxb3 {[#]} 37. Rf7 $1 {[%mdl 512]} Bxf7 38. Nxf7+ Kg7 39. Nxg5 {Ne6+ is the strong threat.} Re8 40. Ra1 {Strongly threatening Ra7+.} d3 $2 (40... Rbb8 41. Ra7+ Kf6) 41. Ra6 $2 (41. Ra7+ Kh6 42. Nf7+ Kh5 43. Rd7) 41... Rxe4 $2 (41... Kh8 $18 42. Nf7+ Kg7) 42. Ra7+ Kg6 43. Nxe4 (43. h8=Q $142 Rg4+ 44. Kh2 Rxg5 45. Qe8+ Kh6 46. Qf8+ Rg7 47. Rxg7 Rb8 48. Qf6+ Kh5 49. Qg5#) 43... Rb1+ 44. Kg2 {Precision: White = 63%, Black = 29%.} 1-0

[Event "1st Goa GM Open 2018"]
[Site "Taleigao"]
[Date "2018.10.18"]
[Round "8"]
[White "Siva Mahadevan"]
[Black "Snehal, Bhosale"]
[Result "*"]
[WhiteElo "2341"]
[BlackElo "2141"]
[Annotator "TA"]
[PlyCount "34"]
[EventDate "2018.10.13"]
[EventType "swiss"]
[EventCountry "IND"]
[SourceTitle "playchess.com"]
[Source "ChessBase"]
[SourceQuality "1"]

{[%evp 23,25,13,9,15]} 1. e4 e5 2. Nf3 Nc6 3. Bb5 a6 4. Ba4 Nf6 5. O-O b5 6. Bb3 Bc5 7. a4 Rb8 8. c3 d6 9. d4 Bb6 10. a5 {C78: Spanische Partie (Archangelsk- und Möller-Variante)} Ba7 11. h3 O-O 12. Be3 Ra8 {LiveBook: 60 Partien} 13. Nbd2 {[#]} {Vorgänger:} h6 $146 14. Re1 Re8 15. Qc2 exd4 16. Nxd4 Nxd4 17. cxd4 c5 {1-0 (63) Saric,I (2689)-Maghsoodloo,P (2649) Batumi 2018} *

[Event "1st Goa GM Open 2018"]
[Site "Taleigao"]
[Date "2018.10.18"]
[Round "8"]
[White "Siva Mahadevan"]
[Black "Snehal, Bhosale"]
[Result "1-0"]
[WhiteElo "2341"]
[BlackElo "2141"]
[Annotator "TA"]
[PlyCount "69"]
[EventDate "2018.10.13"]
[EventType "swiss"]
[EventCountry "IND"]
[SourceTitle "playchess.com"]
[Source "ChessBase"]
[SourceQuality "1"]

{[%evp 27,69,22,14,14,111,100,109,106,89,126,123,117,159,126,177,120,266,266,236,254,589,586,560,557,616,604,749,470,462,463,1524,627,627,627,597,504,592,497,863,832,857,861,2419,2030]} 1. e4 e5 2. Nf3 Nc6 3. Bb5 a6 4. Ba4 Nf6 5. O-O b5 6. Bb3 Bc5 7. a4 Rb8 8. c3 d6 9. d4 Bb6 10. a5 {C78: Ruy Lopez: Archangelsk and Möller Defences} Ba7 11. h3 O-O 12. Be3 Ra8 13. Nbd2 h6 14. Re1 Re8 {LiveBook: 30 Games} 15. Nf1 (15. Qc2 exd4 16. Nxd4 Nxd4 17. cxd4 c5 {1-0 (63) Saric,I (2689)-Maghsoodloo,P (2649) Batumi 2018}) 15... Bb7 (15... exd4 $11 {remains equal.} 16. Nxd4 Bxd4 17. Bxd4 Be6) 16. Ng3 $1 $16 exd4 17. cxd4 Ne7 {[#]} 18. d5 $146 Bxe3 19. Rxe3 c5 {[#]} 20. dxc6 $1 Nxc6 21. Qd2 (21. Nf5 $18) 21... b4 (21... Bc8 $16) 22. Nf5 $18 Nxe4 23. Qd5 $1 {[%csl LRe4,LRf7]} Qf6 $2 (23... Qc7 {is a better chance.} 24. Rxe4 Ne5) 24. Rxe4 {White is clearly winning.} Rxe4 25. Qxe4 Qxb2 26. Rb1 Nxa5 27. Bxf7+ ({Not} 27. Rxb2 Bxe4 28. Bxf7+ (28. Nxd6 Bxf3 29. Bxf7+ Kf8 $16) 28... Kf8 $18) 27... Kh8 28. Qxb4 ({Less strong is} 28. Rxb2 Bxe4 29. N3d4 (29. Nxd6 Bxf3 30. gxf3 Rd8 $18) 29... Bxf5 $18) 28... Qc2 {[#]} (28... Qxb4 $142 29. Rxb4 Bxf3 30. gxf3 Nc6) 29. N5d4 (29. Qg4 $142 $3 {[%mdl 512]} Qxb1+ 30. Kh2 Qxf5 31. Qxf5 Bxf3 32. Qxf3) 29... Qc7 30. Bg6 Bd5 31. Re1 Nc4 32. Ne6 Qe7 (32... Qb6 $142 33. Qc3 Ne5) 33. Nf4 Qb7 34. Nxd5 Qxd5 35. Be4 {Precision: White = 81%, Black = 21%.} 1-0